|
|
|
|
| LEADER |
00000cam a2200000 7i4500 |
| 001 |
0000006448 |
| 005 |
20220105104021.0 |
| 008 |
070816 |
| 020 |
|
|
|a 9831918363
|
| 090 |
0 |
0 |
|a JP
|b EL ENG (6347)
|
| 100 |
1 |
|
|a Mott, Lynn
|
| 245 |
1 |
0 |
|a Little bears at the fair
|c Lynn Mott
|
| 260 |
|
|
|a Kuala Lumpur :
|b Kohwai & Young Publications ,
|c 2006
|
| 440 |
|
|
|a The busy bears reading series
|
| 500 |
|
|
|a Children age 4-6 years old (yellow)
|
| 650 |
|
0 |
|a Early learning
|
| 650 |
|
0 |
|a Junior preschool
|x English
|x Languages
|
| 999 |
|
|
|a 0000984860
|b Book
|c Children Collection
|e Cawangan Sri Merlong
|
| 999 |
|
|
|a 0000984861
|b Book
|c Children Collection
|e Cawangan Sri Merlong
|
| 999 |
|
|
|a 0000984863
|b Book
|c Children Collection
|e Perbadanan Perpustakaan Awam Johor
|
| 999 |
|
|
|a 0000984864
|b Book
|c Children Collection
|e Perbadanan Perpustakaan Awam Johor
|
| 999 |
|
|
|a 0001129497
|b Book
|c Children Collection
|e Cawangan Bandar Penawar
|
| 999 |
|
|
|a 0001129509
|b Book
|c Children Collection
|e Cawangan Tangkak
|